[Event "AUTO-BEG-225"]
[Site "http://www.queenalice.com/game.php?id=419008"]
[Date "2008.6.17"]
[Round "1"]
[White "marciorighi"]
[Black "drowzee1872"]
[Result "0-1"]
[WhiteElo "1208"]
[BlackElo "1617"]

1. d4 Nf6 2. Nc3 d5 3. Bf4 a6 4. e3 Bf5 5. Qe2 e6 6. O-O-O Bb4 7. Qd2 Bxc3 8.
Qxc3 Ne4 9. Qb3 b6 10. Qa3 Nxf2 11. Be5 f6 12. Bxf6 gxf6 13. Qb4 Nxh1 14. Qd2
Bg4 15. Be2 Nf2 16. Rf1 Bxe2 17. Qxe2 Ne4 18. Qh5+ Ke7 19. Nf3 Qe8 20. Qg4 Rg8
21. Qh4 Qg6 22. Ne5 Qxg2 23. Qxh7+ Rg7 0-1

[Event "AUTO-BEG-225"]
[Site "http://www.queenalice.com/game.php?id=419009"]
[Date "2008.6.17"]
[Round "1"]
[White "drowzee1872"]
[Black "marciorighi"]
[Result "1-0"]
[WhiteElo "1565"]
[BlackElo "1214"]

1. e4 e5 2. Nf3 Bd6 3. d4 exd4 4. Qxd4 Nc6 5. Qxg7 Bb4+ 6. c3 f6 7. cxb4 Qe7 8.
Qxh8 Kf8 9. Bh6+ Kf7 10. Bc4+ Kg6 11. Bxg8 Qxe4+ 12. Be3 Qxb4+ 13. Nc3 Qxb2 14.
Qxh7# 1-0

[Event "AUTO-OPEN-1165"]
[Site "http://www.queenalice.com/game.php?id=419201"]
[Date "2008.6.17"]
[Round "1"]
[White "zemaria"]
[Black "marciorighi"]
[Result "1-0"]
[WhiteElo "1734"]
[BlackElo "1210"]

1. d4 d5 2. Bf4 Nc6 3. e3 a6 4. a3 e6 5. Nf3 f6 6. Be2 g5 7. Bg3 g4 8. Ng1 h5 9.
Bh4 Bg7 10. Nd2 Qd6 11. f4 f5 12. Bd3 Nf6 13. Ne2 e5 14. dxe5 Qe7 15. Ng3 Qe6
16. Bxf6 Bxf6 17. exf6 O-O 18. Qe2 Rxf6 19. Nxh5 Rh6 20. Ng3 Qf6 21. O-O-O b5
22. h3 gxh3 23. gxh3 Ne7 24. Rdg1 Kf8 25. Nf3 Be6 26. Ne5 Ke8 27. Nh5 Qf8 28.
Ng7+ Kd8 29. Nxe6+ Rxe6 30. Rg5 Kc8 31. Qh5 Kb7 32. Bxf5 Rh6 33. Qg4 1-0

[Event "AUTO-OPEN-1165"]
[Site "http://www.queenalice.com/game.php?id=419202"]
[Date "2008.6.17"]
[Round "1"]
[White "marciorighi"]
[Black "zemaria"]
[Result "0-1"]
[WhiteElo "1212"]
[BlackElo "1732"]

1. d4 d5 2. Nc3 Nf6 3. Qd3 e6 4. Bf4 c5 5. dxc5 Bxc5 6. a3 a6 7. b4 Bd6 8. e3
Bxf4 9. exf4 Qc7 10. Nf3 Qxf4 11. Be2 Bd7 12. g3 Qc7 13. a4 O-O 14. O-O Rc8 15.
Ra3 b6 16. Kg2 Nc6 17. Rb3 Ne7 18. Ng5 g6 19. f4 h6 20. Nf3 Nc6 21. f5 exf5 22.
Nxd5 Nxd5 23. Qxd5 Be6 24. Qd3 Bxb3 25. Qxb3 Rd8 26. Bc4 Nd4 27. Nxd4 Rxd4 28.
Bd3 Ra7 29. b5 a5 0-1

[Event "AUTO-OPEN-1165"]
[Site "http://www.queenalice.com/game.php?id=419225"]
[Date "2008.6.17"]
[Round "1"]
[White "Alberto_Lixa"]
[Black "marciorighi"]
[Result "1-0"]
[WhiteElo "1865"]
[BlackElo "1171"]

1. e4 d5 2. exd5 Qxd5 3. Nc3 Qe5+ 4. Nge2 Nc6 5. b3 Be6 6. Bb2 Bg4 7. Rb1 O-O-O
8. h3 Bxe2 9. Bxe2 Nf6 10. Na4 Qd6 11. d4 Nd5 12. O-O g5 13. Nc5 e6 14. c4 Nde7
15. Bh5 1-0

[Event "AUTO-OPEN-1165"]
[Site "http://www.queenalice.com/game.php?id=419226"]
[Date "2008.6.17"]
[Round "1"]
[White "marciorighi"]
[Black "Alberto_Lixa"]
[Result "0-1"]
[WhiteElo "1171"]
[BlackElo "1865"]

1. c4 c5 2. Nc3 Nc6 3. a3 e6 4. e4 d6 5. Nf3 Be7 6. d3 Nf6 7. Be2 O-O 8. d4 cxd4
9. Nxd4 e5 10. Nxc6 bxc6 11. O-O Bd7 12. Be3 Qc8 13. Bg5 h6 14. Bh4 Rb8 0-1

[Event "AUTO-OPEN-1165"]
[Site "http://www.queenalice.com/game.php?id=419239"]
[Date "2008.6.17"]
[Round "1"]
[White "aragats"]
[Black "marciorighi"]
[Result "1-0"]
[WhiteElo "1820"]
[BlackElo "1204"]

1. f4 d5 2. Nf3 Nf6 3. e3 e6 4. Be2 Ng4 5. O-O c5 6. b3 Qf6 7. c3 Bd6 8. Bb2 Qh6
9. h3 Nf6 10. c4 O-O 11. Nc3 d4 12. Nb5 Ne8 13. h4 f5 14. Qe1 Qf6 15. Qg3 Be7
16. exd4 cxd4 17. Bxd4 Qf7 18. Ng5 Bxg5 19. Qxg5 Nc6 20. Bb2 a6 21. Nd4 Nf6 22.
Nxc6 Ne4 23. Bh5 Nxg5 24. Bxf7+ Nxf7 25. Ne7+ 1-0

[Event "AUTO-OPEN-1165"]
[Site "http://www.queenalice.com/game.php?id=419240"]
[Date "2008.6.17"]
[Round "1"]
[White "marciorighi"]
[Black "aragats"]
[Result "0-1"]
[WhiteElo "1206"]
[BlackElo "1818"]

1. e4 d6 2. a4 Nf6 3. Nc3 g6 4. d4 Bg7 5. h3 b6 6. f4 Bb7 7. e5 Ne4 8. Nxe4 Bxe4
9. Nf3 O-O 10. Be2 Nc6 11. c3 dxe5 12. fxe5 f6 13. e6 Bd5 14. O-O Bxe6 15. Bb5
Bd7 16. d5 Na5 17. Bxd7 Qxd7 18. Be3 Nc4 19. Bc1 Rad8 20. b3 Na5 21. c4 h6 22.
Bd2 Nb7 23. Bf4 a5 0-1

[Event "AUTO-OPEN-1817"]
[Site "http://www.queenalice.com/game.php?id=705425"]
[Date "2009.12.29"]
[Round "1"]
[White "nowonas"]
[Black "marciorighi"]
[Result "1-0"]
[WhiteElo "2209"]
[BlackElo "1243"]

1. b4 d6 2. Bb2 Nf6 3. Nf3 b5 4. e3 a6 5. a4 Bd7 6. axb5 Qc8 7. Bxf6 exf6 8. c4
Be7 9. d4 O-O 10. Bd3 c6 11. b6 Qb7 12. c5 dxc5 13. bxc5 a5 14. Qc2 Be6 15.
Bxh7+ Kh8 16. Qe4 g6 17. Bxg6 fxg6 18. Qxe6 Kg7 19. h4 Re8 20. h5 Rh8 21. h6+
1-0

[Event "AUTO-OPEN-1817"]
[Site "http://www.queenalice.com/game.php?id=705426"]
[Date "2009.12.29"]
[Round "1"]
[White "marciorighi"]
[Black "nowonas"]
[Result "0-1"]
[WhiteElo "1245"]
[BlackElo "2208"]

1. d4 Nf6 2. Nf3 e6 3. Bf4 c5 4. dxc5 Bxc5 5. e3 d5 6. Bd3 Qb6 7. b3 O-O 8. O-O
Nbd7 9. Nbd2 Bb4 10. a3 Bc3 11. Rb1 e5 12. Bg5 e4 13. Bxf6 Nxf6 14. Nd4 exd3 15.
cxd3 Bxd4 16. exd4 Qxd4 17. Nf3 Qf4 18. g3 Qh6 19. d4 Bg4 20. Qd3 Ne4 21. Rfd1
Bxf3 22. Qxf3 Nd2 23. Rxd2 Qxd2 24. Qxd5 b5 0-1

[Event "AUTO-OPEN-1817"]
[Site "http://www.queenalice.com/game.php?id=705445"]
[Date "2009.12.29"]
[Round "1"]
[White "ishamael13"]
[Black "marciorighi"]
[Result "1-0"]
[WhiteElo "1925"]
[BlackElo "1218"]

1. e4 e5 2. Bc4 Nf6 3. Nc3 Nc6 4. d3 d6 5. h3 Be7 6. Nge2 O-O 7. O-O a6 8. f4 b5
9. Bb3 Bb7 10. a3 Nd4 11. Nxd4 exd4 12. Ne2 c5 13. Ng3 g6 14. f5 Qd7 15. Bf4 d5
16. e5 Ne8 17. Bh6 c4 18. Bxf8 Kxf8 19. e6 Qd6 20. Qg4 Nf6 21. Qh4 Nh5 22. Qxd4
Bf6 23. e7+ Qxe7 24. Qg4 Qe3+ 25. Kh2 Nxg3 26. Rf3 gxf5 27. Qxg3 Qe2 28. Re1 Qd2
29. Qd6+ Kg8 30. Rg3+ Bg7 31. Qf6 Kf8 32. Qxg7# 1-0

[Event "AUTO-OPEN-1817"]
[Site "http://www.queenalice.com/game.php?id=705446"]
[Date "2009.12.29"]
[Round "1"]
[White "marciorighi"]
[Black "ishamael13"]
[Result "0-1"]
[WhiteElo "1164"]
[BlackElo "1977"]

1. c4 e5 2. Nc3 Nc6 3. e3 Bc5 4. Ne4 d6 5. Nf3 Nge7 6. b3 O-O 7. Nxc5 dxc5 8.
Bb2 Ng6 9. Qc2 Nb4 10. Qb1 Re8 11. a3 e4 12. Ng1 Nd3+ 13. Bxd3 exd3 14. Nf3 Nf4
15. O-O Bg4 16. Qc1 Ne2+ 17. Kh1 Nxc1 18. Raxc1 Bxf3 19. gxf3 Qh4 20. f4 Re6 21.
Be5 Rh6 22. Kg2 Qh3+ 23. Kg1 Qxh2# 0-1

[Event "AUTO-OPEN-1817"]
[Site "http://www.queenalice.com/game.php?id=705457"]
[Date "2009.12.29"]
[Round "1"]
[White "marciorighi"]
[Black "alvarogoulart"]
[Result "0-1"]
[WhiteElo "1234"]
[BlackElo "1756"]

1. d4 d5 2. Nc3 Bf5 3. Nf3 Nf6 4. g3 Nc6 5. Bg2 Nb4 6. O-O Nxc2 7. Rb1 Nxd4 8.
Qxd4 Bxb1 9. Nxb1 e6 10. Ne5 b6 11. Qa4+ Nd7 12. Nxd7 Qxd7 13. Qd4 c5 14. Qe5 f6
15. Qh5+ g6 16. Qh4 Be7 17. Qf4 e5 18. Qe3 Rc8 19. Qf3 e4 20. Qf4 g5 21. Qe3 Rc7
22. b3 Qf5 23. Bb2 h5 24. h3 Rg8 25. f4 gxf4 26. Rxf4 Qg6 27. Kh2 d4 28. Qf2 e3
29. Qf3 Kf7 30. Na3 Bd6 31. Rf5 Bxg3+ 32. Kg1 Bf2+ 33. Kf1 h4 34. Nc2 Re7 35.
Ne1 Bxe1 36. Qd5+ Kg7 37. Kxe1 Kh8 38. Rh5+ Rh7 39. Rxh7+ Kxh7 40. Kf1 Qg3 41.
Be4+ Kh6 42. Bg2 Qf2# 0-1

[Event "AUTO-OPEN-1817"]
[Site "http://www.queenalice.com/game.php?id=705458"]
[Date "2009.12.29"]
[Round "1"]
[White "alvarogoulart"]
[Black "marciorighi"]
[Result "1-0"]
[WhiteElo "1752"]
[BlackElo "1227"]

1. e4 d5 2. exd5 Qxd5 3. Nc3 Qe5+ 4. Be2 Nf6 5. Nf3 Qc5 6. d4 Qd6 7. Ne5 g6 8.
Bf4 Bg7 9. g3 O-O 10. Nxg6 Qc6 11. Nxe7+ Kh8 12. Nxc6 Nxc6 13. Bxc7 Re8 14. O-O
Re6 15. d5 Re7 16. d6 Rd7 17. Nd5 Nxd5 18. Qxd5 Kg8 19. Bg4 Ne7 20. Qc4 b6 21.
Bxd7 Bxd7 22. dxe7 Re8 23. Rfe1 b5 24. Qf4 h6 25. Rad1 Bc8 26. Rd8 Rxd8 27.
exd8=Q+ Kh7 28. Qf5+ Bxf5 29. c3 Kg6 30. Be5 Bxe5 31. Rxe5 Be6 32. a3 Kg7 33.
Rxe6 fxe6 34. Qe7+ Kg6 35. Qxe6+ Kg5 36. h4+ Kh5 37. Qf5# 1-0

[Event "AUTO-BEG-370"]
[Site "http://www.queenalice.com/game.php?id=706161"]
[Date "2009.12.31"]
[Round "1"]
[White "Peppone"]
[Black "marciorighi"]
[Result "1-0"]
[WhiteElo "1760"]
[BlackElo "1247"]

1. e4 e5 2. f4 exf4 3. Nf3 Nc6 4. Bc4 Bd6 5. O-O Qe7 6. d4 Nh6 7. e5 Bb4 8. Bxf4
Nf5 9. Bg5 f6 10. exf6 gxf6 11. c3 fxg5 12. Re1 Ne3 13. Qd3 Kd8 14. Rxe3 Qf6 15.
cxb4 Nxb4 16. Qb3 Nc6 17. Qc3 Rf8 18. Nbd2 d6 19. Rf1 Qg6 20. Bd3 Qg7 21. a3 Bg4
22. h3 Bxf3 23. Rexf3 Re8 24. Rf7 Qg8 25. Bc4 Ne7 26. Rxe7 Qh8 27. Rxe8+ Qxe8
28. Qb4 b6 29. Bd5 Rb8 30. Nf3 1-0

[Event "AUTO-BEG-370"]
[Site "http://www.queenalice.com/game.php?id=706162"]
[Date "2009.12.31"]
[Round "1"]
[White "marciorighi"]
[Black "Peppone"]
[Result "0-1"]
[WhiteElo "1241"]
[BlackElo "1767"]

1. d4 Nf6 2. Nf3 e6 3. g3 Be7 4. Bg2 O-O 5. O-O Nc6 6. c3 d5 7. Bf4 Nh5 8. Be3
Bd6 9. Nbd2 Re8 10. Qe1 e5 11. dxe5 Nxe5 12. Nxe5 Bxe5 13. Rd1 Nf6 14. Nf3 c6
15. Rd3 Bf5 16. Rd1 Qa5 17. a3 Bd6 18. Rd4 Bc5 19. Rf4 Bxe3 20. fxe3 Bg6 21. Nd4
Rxe3 22. Qf2 Rae8 23. Bh3 c5 24. Nf5 Rxe2 25. Qf3 Rxb2 26. Nd6 Re7 27. Nf5 Re8
28. Nd6 Ree2 29. Rxf6 gxf6 30. Qxf6 Qc7 31. Bf5 Rg2+ 32. Kh1 Rxh2+ 0-1

[Event "AUTO-BEG-370"]
[Site "http://www.queenalice.com/game.php?id=706176"]
[Date "2009.12.31"]
[Round "1"]
[White "marciorighi"]
[Black "pfunk339"]
[Result "1-0"]
[WhiteElo "1189"]
[BlackElo "1525"]

1. c4 d5 2. c5 Nf6 3. d4 Nc6 4. Nf3 e5 5. dxe5 Ne4 6. Be3 Be7 7. g3 Bxc5 8. Bxc5
Nxc5 9. Bg2 d4 10. O-O Bf5 11. Nbd2 Ne4 12. Nxe4 Bxe4 13. Qb3 O-O 14. Qxb7 Rc8
15. Rfd1 d3 16. exd3 Rb8 17. Qa6 Rxb2 18. dxe4 Qa8 19. Qc4 Na5 20. Qxc7 Rc8 21.
Qxa5 g6 22. Rf1 Qxe4 23. Qa6 Rcc2 24. Rae1 Qb4 25. Qxa7 Qc4 26. Nd4 Rd2 27. e6
Qxa2 28. Qxf7+ Kh8 29. Qf8# 1-0

[Event "AUTO-BEG-370"]
[Site "http://www.queenalice.com/game.php?id=706185"]
[Date "2009.12.31"]
[Round "1"]
[White "marciorighi"]
[Black "rconley23"]
[Result "1-0"]
[WhiteElo "1225"]
[BlackElo "1054"]

1. c4 e5 2. b3 Nh6 3. Bb2 d6 4. Nc3 Nf5 5. e4 Nd4 6. Nf3 Ndc6 7. Be2 f6 8. Nd5
Nd7 9. O-O Ne7 10. d4 exd4 11. Bxd4 Rg8 12. e5 dxe5 13. Be3 c6 14. Nc3 Ng6 15.
Qd3 Nc5 16. Qxd8+ Kxd8 17. Rad1+ Bd7 18. b4 Na6 19. a3 Ne7 20. c5 Nf5 21. Rd2
Kc8 22. Rfd1 e4 23. Nxe4 g5 24. Rxd7 Ne7 25. Rd8+ Kc7 26. Rxa8 Nd5 27. Rxa7 g4
28. Nh4 f5 29. Nd6 Be7 30. Rxb7+ Kd8 31. Nhxf5 Bf6 32. Nf7+ Ke8 33. N5d6+ Kf8
34. Bxa6 Nc3 35. Bh6+ Bg7 36. Rb8+ Ke7 37. Re1+ Kd7 38. Rb7# 1-0

[Event "AUTO-BEG-370"]
[Site "http://www.queenalice.com/game.php?id=706186"]
[Date "2009.12.31"]
[Round "1"]
[White "rconley23"]
[Black "marciorighi"]
[Result "0-1"]
[WhiteElo "1093"]
[BlackElo "1216"]

1. e4 e5 2. g3 Nf6 3. f3 Bd6 4. d3 O-O 5. Ne2 Nc6 6. Nec3 a6 7. Na3 Nd4 8. Nc4
b5 9. Na5 b4 10. Na4 c6 11. g4 Qxa5 12. Qd2 Qxa4 13. b3 Qb5 14. g5 Nh5 15. Rg1
Nxf3+ 16. Kd1 Nxd2 17. Bxd2 g6 18. h4 Bb7 19. a4 Qb6 20. Bh3 Qxg1+ 21. Be1 Qe3
22. Bxd7 Nf4 23. a5 Qe2+ 24. Kc1 Qxe1+ 25. Kb2 Qc3+ 26. Ka2 Qxc2# 0-1

[Event "Challenge"]
[Site "http://www.queenalice.com/game.php?id=723426"]
[Date "2010.1.31"]
[Round "-"]
[White "pacomar16"]
[Black "marciorighi"]
[Result "0-1"]
[WhiteElo "1200"]
[BlackElo "1232"]

1. e4 d5 2. Qf3 d4 3. Bc4 e6 4. Nh3 Nc6 5. Nf4 Bd6 6. O-O Nf6 7. Nd5 O-O 8. Qe2
Nxd5 9. exd5 Qh4 10. f4 Bxf4 11. Rxf4 Qxf4 12. dxc6 bxc6 13. g3 Qf6 14. c3 dxc3
15. dxc3 Rd8 16. h4 Rd6 17. Bf4 Rd7 18. Qe4 Rd1+ 19. Kf2 Bb7 20. Qe2 Rad8 21.
Ke3 c5 22. b4 e5 23. Bg5 Qc6 24. b5 Qe4+ 25. Kf2 Qf5+ 26. Qf3 Qc2+ 27. Qe2 Qf5+
28. Qf3 Qxf3# 0-1